|
|
|
|
| LEADER |
00000nam0a2200000 4500 |
| 001 |
309917 |
| 005 |
20231102002233.0 |
| 020 |
|
|
|a RU
|b 81-85065
|
| 035 |
|
|
|a (RuTPU)RU\TPU\book\335257
|
| 090 |
|
|
|a 309917
|
| 100 |
|
|
|a 20151118d1981 km y0rusy5003 ca
|
| 101 |
0 |
|
|a rus
|
| 102 |
|
|
|a RU
|
| 105 |
|
|
|a ab z 001zy
|
| 200 |
1 |
|
|a Палеомагнетизм и вопросы палеогеографии
|e сборник трудов
|f Всесоюзный нефтяной научно-исследовательский геологоразведочный институт ; под ред. А. Н. Храмова
|
| 210 |
|
|
|a Ленинград
|c Изд-во ВНИГРИ
|d 1981
|
| 215 |
|
|
|a 149 с.
|c ил., карт.
|e 8 л. ил., карт.
|
| 320 |
|
|
|a Библиогр. в конце ст.
|
| 606 |
1 |
|
|a Палеомагнетизм
|x Стратиграфия
|2 stltpush
|3 (RuTPU)RU\TPU\subj\47993
|9 66875
|
| 606 |
1 |
|
|a Палеогеография
|2 stltpush
|3 (RuTPU)RU\TPU\subj\47964
|9 66847
|
| 610 |
1 |
|
|a палеомагнитные исследования
|
| 610 |
1 |
|
|a палеомагнитные данные
|
| 610 |
1 |
|
|a палеомагнитные реконструкции
|
| 610 |
1 |
|
|a докембрий
|
| 610 |
1 |
|
|a Южный Урал
|
| 610 |
1 |
|
|a Сибирская платформа
|
| 610 |
1 |
|
|a Русская платформа
|
| 610 |
1 |
|
|a намагничивание
|
| 610 |
1 |
|
|a полярность
|
| 675 |
|
|
|a 550.384
|z rus
|v 3
|
| 675 |
|
|
|a 551.8
|z rus
|v 3
|
| 702 |
|
1 |
|a Храмов
|b А. Н.
|g Алексей Никитич
|4 340
|
| 712 |
0 |
2 |
|a Всесоюзный нефтяной научно-исследовательский геологоразведочный институт
|c (Ленинград)
|c (1945-1991)
|2 stltpush
|3 (RuTPU)RU\TPU\col\7662
|9 24357
|
| 801 |
|
0 |
|a RU
|b RuMRKP
|c 19950704
|g psbo
|
| 801 |
|
1 |
|a RU
|b 63413507
|c 20151118
|
| 801 |
|
2 |
|a RU
|b 63413507
|c 20190917
|g RCR
|
| 942 |
|
|
|c BK
|